[Event "36th Reykjavik op"]
[Site "Reykjavik ISL"]
[Date "2023.03.31"]
[Round "4.2"]
[White "Cornette, Matthieu"]
[Black "Yilmaz, Mustafa"]
[WhiteElo "2563"]
[BlackElo "2629"]
[Result "1/2-1/2"]
[EventDate "2023.03.29"]
[PlyCount "39"]

1. e4 e5 2. Nf3 Nc6 3. Bb5 a6 4. Ba4 Nf6 5. O-O Be7 6. d3 b5 7. Bb3 d6 8. c3 O-O
9. h3 Bb7 10. Re1 Na5 11. Bc2 c5 12. d4 exd4 13. cxd4 Nc6 14. Nc3 cxd4 15. Nxd4 Nxd4
16. Qxd4 Rc8 17. Bf4 d5 18. exd5 Rc4 19. Qe5 Nxd5 20. Nxd5  1/2-1/2

[Event "36th Reykjavik op"]
[Site "Reykjavik ISL"]
[Date "2023.03.31"]
[Round "4.3"]
[White "Gupta, Abhijeet"]
[Black "Sidhant, Mohapatra"]
[WhiteElo "2620"]
[BlackElo "2376"]
[Result "1-0"]
[EventDate "2023.03.29"]
[PlyCount "65"]

1. d4 d5 2. c4 e6 3. Nf3 Nf6 4. Nc3 h6 5. g3 Bd6 6. a3 O-O 7. g4 Ne4 8. Qc2 f5 9.
gxf5 Nxc3 10. bxc3 c6 11. c5 Bc7 12. Rg1 Rf6 13. e4 dxe4 14. Qxe4 Qd5 15. Qg4 Rf7
16. f6 Nd7 17. Bxh6 Nxf6 18. Qxg7+ Rxg7 19. Rxg7+ Kf8 20. Rd7+ Kg8 21. Rxd5 exd5
22. Bd3 Ng4 23. Bg5 Bd7 24. h3 Rf8 25. Ke2 Re8+ 26. Kf1 Rf8 27. Kg2 Nf6 28. Re1 Ne4
29. Bxe4 dxe4 30. Rxe4 Bxh3+ 31. Kxh3 Rxf3+ 32. Kg2 Rxc3 33. Re7  1-0

[Event "36th Reykjavik op"]
[Site "Reykjavik ISL"]
[Date "2023.03.31"]
[Round "4.5"]
[White "Mons, Leon"]
[Black "Tari, Aryan"]
[WhiteElo "2514"]
[BlackElo "2649"]
[Result "1/2-1/2"]
[EventDate "2023.03.29"]
[PlyCount "182"]

1. d4 Nf6 2. c4 e6 3. Nf3 d5 4. g3 Bb4+ 5. Nbd2 O-O 6. Bg2 b6 7. O-O Bb7 8. a3 Be7
9. cxd5 exd5 10. b4 c5 11. bxc5 bxc5 12. Rb1 Ba6 13. Re1 c4 14. Ne5 Qc8 15. Qa4 c3
16. Nf1 Qe6 17. Bg5 h6 18. Bxf6 Bxf6 19. Ne3 Bxe5 20. dxe5 Nd7 21. Nxd5 Rab8 22.
Nxc3 Nxe5 23. Qd4 Rxb1 24. Rxb1 Rc8 25. h3 Qf6 26. Kh1 Ng4 27. Qxf6 Nxf6 28. Rb3
Nd7 29. Bf3 Rc5 30. Kg2 Nb6 31. e3 Bc4 32. Rb4 Be6 33. Na4 Ra5 34. Nxb6 axb6 35.
a4 Bd7 36. Rxb6 g6 37. g4 Bxa4 38. Rb7 Ra6 39. Bd5 Bc6 40. Bxc6 Rxc6 41. h4 Re6 42.
Rb5 Kg7 43. Kf3 Re7 44. Ra5 Re6 45. Ke2 Rb6 46. f4 Rb4 47. Kf3 Rb1 48. h5 gxh5 49.
Rxh5 Rf1+ 50. Kg2 Re1 51. Kf2 Rb1 52. Rd5 Ra1 53. Rd3 Ra5 54. Kf3 f6 55. Rd7+ Kg8
56. Rd6 Kg7 57. e4 h5 58. gxh5 Rxh5 59. Rd5 Rh1 60. Rd7+ Kf8 61. Kg4 Kg8 62. Kf5
Rh4 63. Rc7 Kf8 64. Rc6 Kg7 65. Rd6 Rh5+ 66. Ke6 Rh4 67. Rd7+ Kg8 68. Kf5 Kf8 69.
Rb7 Kg8 70. Rb6 Kg7 71. Ra6 Rh5+ 72. Ke6 Rh4 73. Ra7+ Kg8 74. f5 Rxe4+ 75. Kxf6 Rb4
76. Kg6 Rg4+ 77. Kf6 Rb4 78. Ra8+ Kh7 79. Re8 Rf4 80. Re5 Kg8 81. Rd5 Rf1 82. Rd8+
Kh7 83. Ke6 Kg7 84. Rd7+ Kg8 85. Kf6 Rf2 86. Rd8+ Kh7 87. Rf8 Ra2 88. Rf7+ Kg8 89.
Re7 Rf2 90. Re8+ Kh7 91. Ke6 Kg7  1/2-1/2

[Event "36th Reykjavik op"]
[Site "Reykjavik ISL"]
[Date "2023.03.31"]
[Round "4.6"]
[White "Lagarde, Maxime"]
[Black "Stefansson, Vignir Vatnar"]
[WhiteElo "2581"]
[BlackElo "2461"]
[Result "1-0"]
[EventDate "2023.03.29"]
[PlyCount "105"]

1. e4 e5 2. Nf3 Nc6 3. Bc4 Bc5 4. c3 Nf6 5. d3 O-O 6. Nbd2 a5 7. O-O d6 8. h3 Ba7
9. Re1 Ne7 10. Nf1 Ng6 11. Ng3 c6 12. Bb3 Be6 13. Bxe6 fxe6 14. d4 Qc7 15. Be3 h6
16. Qc2 Nf4 17. Rad1 Nd7 18. Kh2 Bb6 19. dxe5 Nxe5 20. Nxe5 dxe5 21. Qb3 Ba7 22.
a4 Qf7 23. Rd2 h5 24. Bxa7 Rxa7 25. Red1 h4 26. Nf1 Raa8 27. Ne3 Qg6 28. Qxb7 Qxe4
29. Qe7 Rf6 30. Rd8+ Rxd8 31. Rxd8+ Kh7 32. Qe8 Nd5 33. Qg8+ Kg6 34. Rd7 Qf4+ 35.
Kh1 Qh6 36. c4 Nxe3 37. fxe3 c5 38. Rc7 e4 39. Re7 Qxe3 40. Rxg7+ Kf5 41. Rg4 Ke5
42. Qg7 Qf2 43. Qc7+ Kf5 44. Qh7+ Ke5 45. Rxe4+ Kd6 46. Qxh4 Qxb2 47. Qg3+ Kc6 48.
Kh2 Qc2 49. Qe5 Qf2 50. Qb8 Qf5 51. Qc8+ Kb6 52. Re1 Rg6 53. Rb1+  1-0

[Event "36th Reykjavik op"]
[Site "Reykjavik ISL"]
[Date "2023.03.31"]
[Round "4.7"]
[White "Jacobson, Brandon"]
[Black "Yankelevich, Lev"]
[WhiteElo "2543"]
[BlackElo "2459"]
[Result "1-0"]
[EventDate "2023.03.29"]
[PlyCount "121"]

1. Nf3 Nf6 2. c4 b6 3. g3 Bb7 4. Bg2 g6 5. d4 Bg7 6. O-O O-O 7. d5 Na6 8. Nc3 Nc5
9. Nd4 e5 10. Nb3 d6 11. e4 Nfd7 12. Nxc5 bxc5 13. Qc2 Bc8 14. Bh3 f5 15. f3 Nf6
16. a3 fxe4 17. Bxc8 Qxc8 18. fxe4 Qh3 19. Qg2 Qxg2+ 20. Kxg2 Rab8 21. Rf2 Rb3 22.
Kf1 Rfb8 23. Rc2 Nd7 24. Ke2 Nb6 25. Nb1 Nc8 26. Nd2 R3b7 27. Nb1 Rb3 28. Ra2 h5
29. Nd2 R3b7 30. Nf3 Rb3 31. Be3 a5 32. a4 Nb6 33. Bd2 Rf8 34. Rc3 Rxc3 35. Bxc3
Nxc4 36. b3 Nb6 37. Bxa5 Ra8 38. Be1 c4 39. bxc4 Nxa4 40. Ra3 Bf6 41. h3 Kf7 42.
Bf2 Ke7 43. g4 hxg4 44. hxg4 Kd7 45. Be3 Be7 46. g5 Ke8 47. Kd2 Nb6 48. Rxa8+ Nxa8
49. Kc3 Nb6 50. Nh4 Kf7 51. Kb4 Nd7 52. Kb5 Nf8 53. Kc6 Bd8 54. Kb7 Ke7 55. c5 Nh7
56. c6 Kf7 57. Nf3 Kf8 58. Bd2 Kf7 59. Ba5 Nxg5 60. Nxg5 Bxg5 61. Bxc7  1-0

[Event "36th Reykjavik op"]
[Site "Reykjavik ISL"]
[Date "2023.03.31"]
[Round "4.8"]
[White "Gretarsson, Hjoervar Steinn"]
[Black "Knaak, Rainer"]
[WhiteElo "2538"]
[BlackElo "2455"]
[Result "1-0"]
[EventDate "2023.03.29"]
[PlyCount "89"]

1. d4 d5 2. c4 e6 3. Nc3 c6 4. e4 dxe4 5. Nxe4 Bb4+ 6. Nc3 c5 7. a3 Bxc3+ 8. bxc3
Nf6 9. Nf3 Qa5 10. Bd2 Ne4 11. Bd3 Nxd2 12. Qxd2 Nd7 13. O-O O-O 14. Qe3 Qc7 15.
Rfd1 b6 16. Qe4 Nf6 17. Qxa8 Bb7 18. Qxa7 Ra8 19. Qxa8+ Bxa8 20. Ne5 Nh5 21. Bf1
f6 22. Nd3 Be4 23. a4 Bxd3 24. Bxd3 Nf4 25. Bf1 h5 26. g3 Ng6 27. Re1 Kf7 28. Bh3
f5 29. d5 exd5 30. cxd5 Ne5 31. Re3 Nc4 32. Re6 Nd6 33. c4 g6 34. Bf1 Qd8 35. Bd3
Qc7 36. Rae1 Qd7 37. Kg2 Qd8 38. Rb1 Qc7 39. Re2 Nc8 40. Re6 Nd6 41. h3 Qd8 42. Rbe1
Qd7 43. g4 hxg4 44. hxg4 Qd8 45. R1e3  1-0

[Event "36th Reykjavik op"]
[Site "Reykjavik ISL"]
[Date "2023.03.31"]
[Round "4.9"]
[White "Mardov, Dimitar"]
[Black "Visakh, N. R."]
[WhiteElo "2445"]
[BlackElo "2538"]
[Result "1/2-1/2"]
[EventDate "2023.03.29"]
[PlyCount "30"]

1. d4 Nf6 2. c4 e6 3. Nf3 d5 4. Nc3 c5 5. cxd5 exd5 6. Bg5 Be6 7. Bxf6 Qxf6 8. e4
dxe4 9. Nxe4 Qf4 10. Bb5+ Nc6 11. Qe2 Be7 12. O-O O-O 13. Nxc5 Nxd4 14. Nxd4 Bxc5
15. Nxe6 fxe6  1/2-1/2

[Event "36th Reykjavik op"]
[Site "Reykjavik ISL"]
[Date "2023.03.31"]
[Round "4.10"]
[White "Olson, Hamish"]
[Black "Lie, Kjetil"]
[WhiteElo "2309"]
[BlackElo "2515"]
[Result "1/2-1/2"]
[EventDate "2023.03.29"]
[PlyCount "53"]

1. d4 d5 2. Nf3 Nf6 3. c4 dxc4 4. Qa4+ Nc6 5. g3 a6 6. Qxc4 Be6 7. Qa4 Qd7 8. Bg2
O-O-O 9. Be3 Bd5 10. Nbd2 Ne4 11. Ne5 Nxe5 12. Qxd7+ Rxd7 13. Bxe4 Ng4 14. Bxd5 Rxd5
15. Nf3 e5 16. Nxe5 Nxe5 17. dxe5 Rxe5 18. Bd4 Re6 19. Rc1 f6 20. e3 Be7 21. Ke2
Rd8 22. Kf3 Rd5 23. Rc2 Kd7 24. Rhc1 c6 25. h3 g6 26. Rc4 f5 27. b3  1/2-1/2

[Event "36th Reykjavik op"]
[Site "Reykjavik ISL"]
[Date "2023.03.31"]
[Round "4.11"]
[White "Salles, Louis"]
[Black "Shyaamnikhil, P."]
[WhiteElo "2287"]
[BlackElo "2477"]
[Result "0-1"]
[EventDate "2023.03.29"]
[PlyCount "40"]

1. d4 Nf6 2. c4 e6 3. Nc3 Bb4 4. f3 O-O 5. a3 Bxc3+ 6. bxc3 d5 7. cxd5 exd5 8. e3
Bf5 9. Ne2 Re8 10. g4 Bxg4 11. fxg4 Nxg4 12. Ng3 Nxe3 13. Bxe3 Rxe3+ 14. Kd2 Qg5
15. Kc2 c5 16. dxc5 Nc6 17. Bg2 Qf6 18. Qd2 d4 19. Ne4 Qg6 20. cxd4 Re2  0-1

[Event "36th Reykjavik op"]
[Site "Reykjavik ISL"]
[Date "2023.03.31"]
[Round "4.12"]
[White "Demuth, Adrien"]
[Black "Dhulipalla, Bala Chandra Prasad"]
[WhiteElo "2475"]
[BlackElo "2441"]
[Result "1/2-1/2"]
[EventDate "2023.03.29"]
[PlyCount "51"]

1. Nf3 d5 2. g3 c6 3. Bg2 Bg4 4. O-O e6 5. d4 Nd7 6. Nbd2 Ngf6 7. Re1 Be7 8. e4 O-O
9. c3 h6 10. Qb3 Rb8 11. Ne5 Nxe5 12. dxe5 Nd7 13. exd5 cxd5 14. Qa4 Bh5 15. Nb3
Qc7 16. Qxa7 Nb6 17. Qa5 Ra8 18. Qb5 Nc4 19. Nd4 Nxe5 20. Bf4 Bd6 21. Qb3 Nc4 22.
Nb5 Qc6 23. Nxd6 Nxd6 24. Bxd6 Qxd6 25. c4 dxc4 26. Qxc4  1/2-1/2

[Event "36th Reykjavik op"]
[Site "Reykjavik ISL"]
[Date "2023.03.31"]
[Round "4.13"]
[White "Grandelius, Nils"]
[Black "Cieslak, Patryk"]
[WhiteElo "2658"]
[BlackElo "2207"]
[Result "1-0"]
[EventDate "2023.03.29"]
[PlyCount "89"]

1. Nf3 d5 2. e3 c5 3. b3 Nf6 4. Bb2 e6 5. c4 Nc6 6. cxd5 exd5 7. Be2 Be7 8. O-O O-O
9. d4 Be6 10. Nc3 Rc8 11. Rc1 cxd4 12. Nxd4 Nxd4 13. Qxd4 Bc5 14. Qd3 Qe7 15. Bf3
Ba3 16. Qb1 a6 17. h3 Rfd8 18. Rfd1 Bxb2 19. Qxb2 h6 20. Nxd5 Nxd5 21. Rxc8 Rxc8
22. Bxd5 Bxd5 23. Rxd5 Qe4 24. Rd4 Qc2 25. Qxc2 Rxc2 26. a4 a5 27. Rd5 b6 28. Rd6
b5 29. axb5 Rc5 30. Rb6 h5 31. h4 g6 32. Kh2 Kg7 33. Kg3 Rc3 34. Ra6 Rxb3 35. Rxa5
Rb4 36. f3 Rb2 37. e4 Rb4 38. Kf4 Rb2 39. g3 Rb3 40. g4 Kh6 41. gxh5 Kxh5 42. Ra8
Kh6 43. Rb8 f6 44. b6 Kg7 45. b7  1-0

[Event "36th Reykjavik op"]
[Site "Reykjavik ISL"]
[Date "2023.03.31"]
[Round "4.14"]
[White "Fier, Alexandr"]
[Black "Pourkashiyan, Atousa"]
[WhiteElo "2606"]
[BlackElo "2313"]
[Result "1-0"]
[EventDate "2023.03.29"]
[PlyCount "111"]

1. e4 e5 2. Bc4 Nf6 3. d3 c6 4. Nf3 d5 5. Bb3 Bb4+ 6. Bd2 Bxd2+ 7. Qxd2 a5 8. Nc3
d4 9. Ne2 Nbd7 10. a4 O-O 11. Ng3 Ne8 12. O-O Nd6 13. c3 c5 14. Rac1 dxc3 15. bxc3
b6 16. d4 cxd4 17. cxd4 Bb7 18. dxe5 Nxe4 19. Nxe4 Bxe4 20. Ng5 Nc5 21. Qxd8 Raxd8
22. Rxc5 bxc5 23. Nxe4 Rb8 24. Bd5 Rb4 25. Nxc5 Rd8 26. Bf3 Rc8 27. Nd7 Rc7 28. Rd1
h6 29. h3 Rc2 30. Bd5 Rbb2 31. e6 fxe6 32. Bxe6+ Kh8 33. Ne5 Rd2 34. Rxd2 Rxd2 35.
Bc4 Rd1+ 36. Kh2 Re1 37. Nc6 Re8 38. Bb5 Ra8 39. Kg3 g5 40. h4 Kg7 41. hxg5 hxg5
42. Kg4 Kf6 43. f3 Kg6 44. Ne5+ Kf6 45. Nd7+ Kg6 46. Bd3+ Kh6 47. Kf5 Rc8 48. Ne5
Rf8+ 49. Ke6 Kh5 50. g3 Rb8 51. Kf6 Rb6+ 52. Kg7 g4 53. fxg4+ Kg5 54. Bf5 Rg6+ 55.
Kf7 Rg7+ 56. Ke6  1-0

[Event "36th Reykjavik op"]
[Site "Reykjavik ISL"]
[Date "2023.03.31"]
[Round "4.15"]
[White "Erdos, Viktor"]
[Black "Karthik, Rajaa"]
[WhiteElo "2587"]
[BlackElo "2302"]
[Result "1/2-1/2"]
[EventDate "2023.03.29"]
[PlyCount "139"]

1. d4 Nf6 2. c4 e6 3. Nf3 Bb4+ 4. Nbd2 O-O 5. e3 b6 6. Bd3 Bb7 7. O-O d5 8. a3 Bxd2
9. Nxd2 c5 10. dxc5 bxc5 11. Nf3 dxc4 12. Bxc4 Nbd7 13. Be2 Qb6 14. Nd2 Rfd8 15.
Nc4 Qc6 16. f3 Nb6 17. Qc2 Nxc4 18. Bxc4 Ba6 19. e4 Bxc4 20. Qxc4 Rab8 21. b4 Rdc8
22. Bf4 Qb5 23. Rfc1 Rb6 24. bxc5 Qxc4 25. Rxc4 Ra6 26. Rb1 Kf8 27. Rb8 Rxb8 28.
Bxb8 Rc6 29. Bxa7 Nd7 30. Rb4 Ke7 31. a4 Nxc5 32. Rc4 Kd6 33. Rd4+ Kc7 34. Bxc5 Rxc5
35. h4 h5 36. Rd1 Rc4 37. Ra1 f5 38. exf5 exf5 39. a5 Rxh4 40. a6 Kb8 41. Rb1+ Ka7
42. Rb7+ Kxa6 43. Rxg7 f4 44. Rc7 Kb5 45. Rc8 Kb4 46. Rc1 Kb5 47. Kf2 Kb4 48. Rc8
Kb5 49. Rc1 Kb4 50. Ke2 Rh2 51. Kd3 Rxg2 52. Ke4 Rg8 53. Kxf4 Rf8 54. Kg3 Rg8+ 55.
Kh4 Rf8 56. Rf1 Rf5 57. f4 Kc5 58. Kg3 Kd6 59. Re1 Rf7 60. Re8 Re7 61. Rf8 Rg7+ 62.
Kh4 Ke7 63. Rf5 Ke6 64. Rg5 Rxg5 65. fxg5 Kf7 66. Kxh5 Kg7 67. g6 Kg8 68. Kh6 Kh8
69. g7+ Kg8 70. Kg6  1/2-1/2

[Event "36th Reykjavik op"]
[Site "Reykjavik ISL"]
[Date "2023.03.31"]
[Round "4.16"]
[White "Papp, Sarah"]
[Black "Dziuba, Marcin"]
[WhiteElo "2288"]
[BlackElo "2554"]
[Result "1/2-1/2"]
[EventDate "2023.03.29"]
[PlyCount "137"]

1. e4 c5 2. Nf3 d6 3. d4 cxd4 4. Nxd4 Nf6 5. Nc3 Nc6 6. Bg5 e6 7. Qd2 a6 8. O-O-O
Bd7 9. f4 Be7 10. Nf3 b5 11. Bxf6 gxf6 12. f5 Qb6 13. Qh6 O-O-O 14. Qh5 Rhf8 15.
Qxh7 b4 16. Ne2 e5 17. Nd2 Kb8 18. Kb1 Na5 19. Qh3 Rh8 20. Qf3 Bc6 21. c4 Nb7 22.
g4 Bf8 23. Ng3 Nc5 24. Nb3 Bh6 25. Nxc5 Qxc5 26. Nh5 Bg5 27. h4 Rxh5 28. gxh5 Bf4
29. h6 Bxh6 30. Rh2 a5 31. Rg2 a4 32. Bd3 a3 33. Bc2 axb2 34. Kxb2 Be3 35. Bb3 Kc7
36. Rg7 Rf8 37. Kb1 Kb6 38. h5 Rh8 39. Bc2 Ra8 40. Rxf7 Ra3 41. Bb3 Ba4 42. Rxd6+
Qxd6 43. Qxe3+ Kc6 44. c5 Bxb3 45. cxd6 Bxa2+ 46. Kb2 Rxe3 47. Kxa2 Kxd6 48. Rxf6+
Kc5 49. h6 Rxe4 50. h7 Rh4 51. Rf7 Rh2+ 52. Kb1 Rh1+ 53. Kc2 Rh2+ 54. Kd3 Kd5 55.
Rb7 e4+ 56. Ke3 Ke5 57. Rb5+ Kf6 58. Kxe4 Rh4+ 59. Kf3 Kg5 60. Rxb4 Rxh7 61. Rb5
Rf7 62. Ke4 Re7+ 63. Re5 Kf6 64. Rxe7 Kxe7 65. Ke5 Kf7 66. f6 Kf8 67. Ke6 Ke8 68.
f7+ Kf8 69. Kf6  1/2-1/2

[Event "36th Reykjavik op"]
[Site "Reykjavik ISL"]
[Date "2023.03.31"]
[Round "4.17"]
[White "Nielsen, Andre"]
[Black "Papp, Gabor"]
[WhiteElo "2201"]
[BlackElo "2544"]
[Result "0-1"]
[EventDate "2023.03.29"]
[PlyCount "106"]

1. e4 e5 2. Nf3 Nc6 3. Bc4 Nf6 4. d3 Bc5 5. c3 a5 6. Nbd2 O-O 7. O-O d6 8. h3 h6
9. Re1 a4 10. Nf1 Be6 11. Bb5 Qb8 12. Be3 Bxe3 13. Nxe3 Qa7 14. d4 Ne7 15. Qc2 Ng6
16. Bc4 Bxc4 17. Nxc4 Rfe8 18. dxe5 dxe5 19. Rad1 b5 20. Ne3 Rad8 21. c4 c6 22. c5
Nd7 23. Rc1 Nf4 24. b4 axb3 25. axb3 Ne6 26. b4 Nd4 27. Nxd4 exd4 28. Nf5 Ne5 29.
Rcd1 Qa3 30. Nd6 d3 31. Qd2 Nc4 32. Qxd3 Qxb4 33. Qd4 Re5 34. Rb1 Qd2 35. Qa1 Qg5
36. Nxc4 bxc4 37. h4 Qe7 38. Rbd1 Rxd1 39. Rxd1 Rxe4 40. Qa8+ Kh7 41. Qxc6 Re1+ 42.
Rxe1 Qxe1+ 43. Kh2 Qe5+ 44. g3 c3 45. Qd6 Qf5 46. Qd4 c2 47. Qe3 Qd5 48. Qc3 Qd1
49. Qe5 Qf3 50. Qe1 h5 51. Qd2 Qd1 52. Qf4 c1=Q 53. Qf5+ Kh6  0-1

[Event "36th Reykjavik op"]
[Site "Reykjavik ISL"]
[Date "2023.03.31"]
[Round "4.18"]
[White "Sharma, Isha"]
[Black "Maze, Sebastien"]
[WhiteElo "2197"]
[BlackElo "2542"]
[Result "1/2-1/2"]
[EventDate "2023.03.29"]
[PlyCount "115"]

1. e4 c5 2. Nf3 d6 3. Nc3 a6 4. d4 cxd4 5. Nxd4 Nf6 6. Be3 e5 7. Nf3 Be7 8. h3 Be6
9. g4 h6 10. g5 hxg5 11. Nxg5 Qc7 12. Nxe6 fxe6 13. Qf3 Nc6 14. O-O-O Rc8 15. Qg3
Bf8 16. f4 b5 17. a3 exf4 18. Bxf4 Ne5 19. Qg2 Qa5 20. Bd2 Qb6 21. Be2 Qb7 22. h4
b4 23. axb4 Qxb4 24. Kb1 Qb7 25. Qh3 Kf7 26. Bf4 Be7 27. h5 Nc4 28. Bxc4 Rxc4 29.
h6 Nxe4 30. Nxe4 Qxe4 31. Rh2 Qxf4 32. Rf1 Rxh6 33. Rxf4+ Rxf4 34. Qg3 Rf1+ 35. Ka2
Rxh2 36. Qxh2 Rf5 37. c3 a5 38. b4 axb4 39. cxb4 g5 40. Qh5+ Kg7 41. Qe8 Kf6 42.
b5 d5 43. b6 Bd6 44. b7 Ke5 45. Qg8 Bc7 46. Kb3 Kd6 47. Qe8 Rf4 48. b8=Q Bxb8 49.
Qxb8+ Ke7 50. Qe5 Re4 51. Qxg5+ Kd7 52. Qg7+ Kd6 53. Qf7 Ke5 54. Qe7 Kf5 55. Qg7
Rc4 56. Qh8 Re4 57. Qg7 Rc4 58. Qh8  1/2-1/2

[Event "36th Reykjavik op"]
[Site "Reykjavik ISL"]
[Date "2023.03.31"]
[Round "4.19"]
[White "Dvirnyy, Danyyil"]
[Black "Jacobsen, Mikkel Manosri"]
[WhiteElo "2531"]
[BlackElo "2283"]
[Result "1/2-1/2"]
[EventDate "2023.03.29"]
[PlyCount "100"]

1. e4 c5 2. Nf3 Nc6 3. d4 cxd4 4. Nxd4 e5 5. Nb5 d6 6. N1c3 a6 7. Na3 Be7 8. Nc4
Nf6 9. Be3 b5 10. Nb6 Rb8 11. Nxc8 Qxc8 12. a3 O-O 13. Bd3 h6 14. O-O Bd8 15. Ne2
Bb6 16. Bxb6 Rxb6 17. c3 Nd8 18. b4 Ne6 19. a4 Qb7 20. Ng3 Rc8 21. axb5 axb5 22.
Ra3 Nf4 23. Re1 Ra6 24. Rxa6 Qxa6 25. Qd2 g6 26. Bf1 Kg7 27. Rc1 h5 28. h4 Qc6 29.
c4 Nxe4 30. Nxe4 Qxe4 31. Re1 Qd4 32. Qxd4 exd4 33. cxb5 Rc3 34. g3 Ne6 35. Rb1 Kf6
36. b6 Rc6 37. b7 Rb6 38. Bg2 Nd8 39. Kf1 Nxb7 40. Ke2 Nc5 41. Kd2 Ke7 42. Kc2 Na6
43. b5 Nc7 44. Bc6 d5 45. Kd3 Kd6 46. Kxd4 Ne6+ 47. Ke3 Nd8 48. Bxd5 Kxd5 49. Rd1+
Ke6 50. Rxd8 Rxb5  1/2-1/2

[Event "36th Reykjavik op"]
[Site "Reykjavik ISL"]
[Date "2023.03.31"]
[Round "4.20"]
[White "Mannion, Stephen"]
[Black "Vignesh, N. R."]
[WhiteElo "2190"]
[BlackElo "2513"]
[Result "0-1"]
[EventDate "2023.03.29"]
[PlyCount "136"]

1. e4 c5 2. Nf3 d6 3. d4 cxd4 4. Nxd4 Nf6 5. Nc3 a6 6. f3 e5 7. Nb3 Be7 8. Be3 Be6
9. Qd2 h5 10. Be2 Nbd7 11. Nd5 Bxd5 12. exd5 Qc7 13. Rc1 O-O 14. c4 a5 15. Na1 Nh7
16. Nc2 Qd8 17. Na3 Bg5 18. Nb5 Nc5 19. O-O f5 20. Bd3 Bxe3+ 21. Qxe3 f4 22. Bxh7+
Kxh7 23. Qe2 Qf6 24. Nc3 Qg6 25. Ne4 Rac8 26. Rc3 Rf7 27. Rfc1 Rfc7 28. Nxc5 Rxc5
29. a4 Qf5 30. Qe4 g6 31. h3 Kg7 32. Kh2 Kf6 33. Kg1 Qd7 34. Qc2 Ra8 35. Kh2 Rac8
36. Kg1 Qf5 37. Qe4 g5 38. Qxf5+ Kxf5 39. Kf2 R8c7 40. g4+ hxg4 41. hxg4+ Kf6 42.
Kg2 e4 43. fxe4 Ke5 44. b3 Rh7 45. Rh1 Rxh1 46. Kxh1 Rc7 47. Rh3 Kxe4 48. Kg2 Kd4
49. Rh5 Kc3 50. Rxg5 Kxb3 51. Rf5 Kxa4 52. Rxf4 Kb3 53. Kg3 a4 54. g5 a3 55. Rf3+
Kb4 56. Rf2 b6 57. Rf1 a2 58. Kg4 Ra7 59. Ra1 Kxc4 60. Kf5 Kxd5 61. g6 Kc4 62. g7
Rxg7 63. Rxa2 b5 64. Ra6 b4 65. Rxd6 b3 66. Rc6+ Kd3 67. Rb6 Kc2 68. Ke4 Rd7  0-1

[Event "36th Reykjavik op"]
[Site "Reykjavik ISL"]
[Date "2023.03.31"]
[Round "4.21"]
[White "Libiszewski, Fabien"]
[Black "Rakhmangulova, Anastasiya"]
[WhiteElo "2499"]
[BlackElo "2266"]
[Result "1-0"]
[EventDate "2023.03.29"]
[PlyCount "107"]

1. e4 c5 2. Nf3 d6 3. Bb5+ Nd7 4. a4 Ngf6 5. Nc3 e5 6. d3 Be7 7. h3 O-O 8. O-O Nb8
9. Bg5 Be6 10. Bxf6 Bxf6 11. Bc4 Nc6 12. Nd5 g6 13. c3 Bg7 14. Qd2 Ne7 15. Nxe7+
Qxe7 16. Bxe6 fxe6 17. Qe3 Rf7 18. b4 cxb4 19. cxb4 d5 20. b5 d4 21. Qg5 Rc8 22.
Rac1 Rc3 23. Rxc3 dxc3 24. Qxe7 Rxe7 25. Rc1 Rc7 26. Kf1 Kf8 27. Ke2 Ke7 28. Kd1
Bh6 29. Rc2 Kd6 30. Ra2 Kc5 31. Kc2 Kb4 32. Nxe5 Bg7 33. Nf3 Rf7 34. Ra1 g5 35. e5
h5 36. Rb1+ Kc5 37. Rf1 Kd5 38. Nxg5 Rf4 39. Ne4 Bxe5 40. g3 Rf8 41. Nxc3+ Kc5 42.
f4 h4 43. gxh4 Bxc3 44. Kxc3 Kd5 45. Kd2 Rf5 46. Ke3 Rh5 47. Kf3 Rxh4 48. Kg3 Rh8
49. Re1 Rg8+ 50. Kf3 Rg6 51. h4 Kd4 52. h5 Rf6 53. Kg4 Kxd3 54. Re5  1-0

[Event "36th Reykjavik op"]
[Site "Reykjavik ISL"]
[Date "2023.03.31"]
[Round "4.22"]
[White "Hjartarson, Johann"]
[Black "Sahithi, Varshini M"]
[WhiteElo "2478"]
[BlackElo "2262"]
[Result "1/2-1/2"]
[EventDate "2023.03.29"]
[PlyCount "81"]

1. e4 c5 2. Nf3 d6 3. d4 cxd4 4. Nxd4 Nf6 5. Nc3 a6 6. Bd3 e5 7. Nde2 Be7 8. O-O
O-O 9. Ng3 Be6 10. h3 Nc6 11. Nd5 Nxd5 12. exd5 Bxd5 13. Bxh7+ Kxh7 14. Qxd5 g6 15.
c3 Kg7 16. f4 f5 17. Be3 Qe8 18. Kh1 Qf7 19. Qd2 Rh8 20. b3 b5 21. Rac1 Rac8 22.
c4 Qe6 23. cxb5 axb5 24. Ne2 Nb8 25. Nc3 Nd7 26. Nxb5 Nf6 27. Rxc8 Ne4 28. Qd3 Rxc8
29. Kg1 Bh4 30. a4 Bg3 31. a5 Kh7 32. a6 exf4 33. Bxf4 Bxf4 34. Rxf4 Rc1+ 35. Rf1
Qc8 36. Nd4 Qc5 37. Rxc1 Qxc1+ 38. Kh2 Qf4+ 39. Kg1 Qc1+ 40. Kh2 Qf4+ 41. Kg1  1/2-1/2

[Event "36th Reykjavik op"]
[Site "Reykjavik ISL"]
[Date "2023.03.31"]
[Round "4.23"]
[White "Korley, Kassa"]
[Black "Hommer, Jeremy"]
[WhiteElo "2468"]
[BlackElo "2251"]
[Result "1-0"]
[EventDate "2023.03.29"]
[PlyCount "69"]

1. Nf3 Nf6 2. g3 e6 3. Bg2 d5 4. O-O Be7 5. d4 O-O 6. b3 b6 7. c4 Bb7 8. cxd5 Bxd5
9. Bb2 Nbd7 10. Nc3 Bb7 11. Qc2 c5 12. Rad1 Qc8 13. e4 cxd4 14. Nxd4 Rd8 15. Ndb5
Qc6 16. Nd4 Qc5 17. Qe2 a6 18. Rc1 Qa5 19. Rfd1 Rac8 20. e5 Nd5 21. Nxd5 Bxd5 22.
Bxd5 Rxc1 23. Rxc1 Qxd5 24. Nc6 Re8 25. Nxe7+ Rxe7 26. Rc8+ Nf8 27. Ba3 Qd7 28. Qxa6
Re8 29. Rxe8 Qxe8 30. Qxb6 h5 31. h4 Ng6 32. Bd6 Kh7 33. Qb7 Qd8 34. Qxf7 Qa5 35.
Qf3  1-0

[Event "36th Reykjavik op"]
[Site "Reykjavik ISL"]
[Date "2023.03.31"]
[Round "4.24"]
[White "Mohota, Nisha"]
[Black "Richter, Michael"]
[WhiteElo "2177"]
[BlackElo "2466"]
[Result "0-1"]
[EventDate "2023.03.29"]
[PlyCount "62"]

1. e4 e6 2. d4 d5 3. Nc3 Nf6 4. e5 Nfd7 5. f4 c5 6. Nf3 Be7 7. Be3 Nc6 8. Qd2 O-O
9. dxc5 Qa5 10. a3 Bxc5 11. O-O-O a6 12. Bxc5 Qxc5 13. Bd3 b5 14. Qe2 h6 15. h4 b4
16. axb4 Qxb4 17. Qe3 Rb8 18. b3 Nc5 19. Nb1 Bd7 20. Rd2 Rfc8 21. Kd1 Qa5 22. Ke2
Nxd3 23. cxd3 Rxb3 24. Rc2 Nb4 25. Rxc8+ Bxc8 26. Qc1 Bd7 27. Ne1 Qa1 28. Qc7 Qxb1
29. Qxd7 Nxd3 30. Qe8+ Kh7 31. Qxf7 Qb2+  0-1

[Event "36th Reykjavik op"]
[Site "Reykjavik ISL"]
[Date "2023.03.31"]
[Round "4.25"]
[White "Johannsson, Birkir Isak"]
[Black "Panchanathan, Magesh Chandran"]
[WhiteElo "2171"]
[BlackElo "2460"]
[Result "0-1"]
[EventDate "2023.03.29"]
[PlyCount "84"]

1. Nf3 Nf6 2. c4 e6 3. g3 c5 4. Nc3 d5 5. cxd5 Nxd5 6. Bg2 Nc6 7. d4 Nxc3 8. bxc3
Be7 9. O-O O-O 10. e4 Bd7 11. Qe2 Rc8 12. Be3 a6 13. Rab1 cxd4 14. cxd4 Nb4 15. Rfc1
Qa5 16. Rxc8 Rxc8 17. Ne5 Bb5 18. Qh5 Be8 19. Qd1 Qxa2 20. Ra1 Qc2 21. d5 Bd6 22.
Bf4 Qxd1+ 23. Rxd1 exd5 24. exd5 g5 25. Bh3 Rc5 26. Nd7 gxf4 27. Nxc5 Bxc5 28. d6
Ba4 29. d7 Nc6 30. d8=Q+ Nxd8 31. Rxd8+ Kg7 32. Rb8 b6 33. gxf4 a5 34. Bg2 Bb3 35.
Be4 a4 36. Bb1 a3 37. Ra8 Bd5 38. Ra6 Bc4 39. Ra8 b5 40. h4 h5 41. Ra6 Be7 42. Kg2
b4  0-1

[Event "36th Reykjavik op"]
[Site "Reykjavik ISL"]
[Date "2023.03.31"]
[Round "4.26"]
[White "Willow, Jonah"]
[Black "Baasansuren, Erdene"]
[WhiteElo "2459"]
[BlackElo "2232"]
[Result "1-0"]
[EventDate "2023.03.29"]
[PlyCount "55"]

1. e4 c5 2. Nf3 d6 3. d4 Nf6 4. Nc3 cxd4 5. Nxd4 a6 6. Bd3 g6 7. f3 Bg7 8. Be3 Nc6
9. Qd2 O-O 10. O-O-O d5 11. Nxc6 bxc6 12. Bc4 Rb8 13. Bb3 a5 14. Bh6 Bxh6 15. Qxh6
Be6 16. h4 Qd6 17. Qg5 Qb4 18. a3 Qb6 19. Na4 Qa7 20. h5 Rxb3 21. cxb3 dxe4 22. hxg6
Bxb3 23. gxh7+ Kh8 24. fxe4 Bxa4 25. Rd3 Qf2 26. b3 Bb5 27. Rg3 Rd8 28. Qg7#  1-0

[Event "36th Reykjavik op"]
[Site "Reykjavik ISL"]
[Date "2023.03.31"]
[Round "4.27"]
[White "Loiseau, Quentin"]
[Black "Dieu, Bruno"]
[WhiteElo "2449"]
[BlackElo "2219"]
[Result "1/2-1/2"]
[EventDate "2023.03.29"]
[PlyCount "56"]

1. e4 e6 2. d4 d5 3. Nd2 c5 4. Ngf3 Nc6 5. exd5 exd5 6. Bb5 Qe7+ 7. Be2 Qc7 8. O-O
Nf6 9. Re1 Be6 10. dxc5 Bxc5 11. Nb3 Bb6 12. Nbd4 O-O 13. c3 Rfe8 14. h3 h6 15. Be3
Bd7 16. Bf1 a6 17. Qd3 Ne4 18. Rad1 Ne7 19. c4 Rad8 20. Rc1 Qd6 21. b4 Bc7 22. Red1
Qg6 23. Kh1 Bb8 24. Qb3 dxc4 25. Bxc4 Nc6 26. Nxc6 Bxc6 27. b5 axb5 28. Bxb5 Ng3+
 1/2-1/2